[Event "La Vega op 3rd"]
[Site "La Vega"]
[Date "2019.08.24"]
[Round "8"]
[White "Sosa Moran, Bryan Marc"]
[Black "Jean Louis, Marckens"]
[Result "0-1"]
[WhiteElo "1802"]
[BlackElo "2129"]
[PlyCount "74"]
[EventDate "2019.08.20"]
[EventType "swiss"]
[EventRounds "9"]
[EventCountry "DOM"]
[SourceTitle "EXT 2020"]
[Source "ChessBase"]
[SourceDate "2019.10.17"]
[SourceVersion "1"]
[SourceVersionDate "2019.10.17"]
[SourceQuality "1"]

1. c4 Nf6 2. Nc3 g6 3. g3 Bg7 4. Bg2 e5 5. d3 0-0 6. Nf3 Nc6 7. a3 d5 8. cxd5 Nxd5 9. Nxd5 Qxd5 10. 0-0 Bg4 11. Ne1 Qd7 12. Be3 Bh3 13. Qd2 f6 14. Rc1 Bxg2 15. Nxg2 f5 16. Rc4 Nd8 17. d4 exd4 18. Bxd4 Ne6 19. Bc3 Qxd2 20. Bxd2 Bxb2 21. Nf4 Nxf4 22. Bxf4 Bxa3 23. Rxc7 Rf7 24. Rxf7 Kxf7 25. Be3 Bd6 26. Rb1 b6 27. Ra1 Bc5 28. Bxc5 bxc5 29. Ra5 Ke6 30. Rxc5 a5 31. Kf1 a4 32. Ke1 Kd6 33. Rc2 a3 34. Ra2 Kc5 35. Kd2 Kb4 36. Ra1 a2 37. Kc2 Ka3 0-1

[Event "La Vega op 3rd"]
[Site "La Vega"]
[Date "2019.08.23"]
[Round "6"]
[White "Polanco Alcantara, Mario Alexander"]
[Black "Sosa Moran, Bryan Marc"]
[Result "1-0"]
[WhiteElo "2090"]
[BlackElo "1802"]
[PlyCount "73"]
[EventDate "2019.08.20"]
[EventType "swiss"]
[EventRounds "9"]
[EventCountry "DOM"]
[SourceTitle "EXT 2020"]
[Source "ChessBase"]
[SourceDate "2019.10.17"]
[SourceVersion "1"]
[SourceVersionDate "2019.10.17"]
[SourceQuality "1"]

1. d4 f5 2. Nf3 Nf6 3. Bf4 e6 4. e3 b6 5. h3 Bb7 6. Be2 Be7 7. 0-0 0-0 8. Nbd2 d6 9. c3 Nbd7 10. Ng5 Bd5 11. Bc4 Bxc4 12. Nxc4 Qc8 13. Nxe6 Rf7 14. Ng5 Rf8 15. Qb3 d5 16. Ne5 c6 17. Nef3 Nb8 18. Ne5 Ne4 19. Nxe4 fxe4 20. c4 Qe6 21. Nxc6 Nxc6 22. cxd5 Nxd4 23. exd4 Qf7 24. Bc7 Bh4 25. d6 Kh8 26. Qxf7 Rxf7 27. Rae1 Raf8 28. g3 Bd8 29. Rxe4 Bxc7 30. dxc7 Rxc7 31. Rfe1 Kg8 32. Re7 Rc2 33. R1e2 Rfc8 34. b3 Rc1+ 35. Kg2 R8c7 36. Rxc7 Rxc7 37. Kf3 1-0

[Event "DOM-chT"]
[Site "Santiago de los Caballeros"]
[Date "2017.08.19"]
[Round "5.2"]
[White "Feliz Dotel, Dewar Bienvenido"]
[Black "Sosa Moran, Bryan Marc"]
[Result "1-0"]
[WhiteElo "2081"]
[BlackElo "1931"]
[PlyCount "126"]
[EventDate "2017.08.17"]
[EventType "team-swiss"]
[EventRounds "6"]
[EventCountry "DOM"]
[SourceTitle "EXT 2019"]
[Source "ChessBase"]
[SourceDate "2018.10.10"]
[SourceVersion "1"]
[SourceVersionDate "2018.10.10"]
[SourceQuality "1"]
[WhiteTeam "Santiago de los Caballeros"]
[BlackTeam "Puerto Plata"]
[WhiteTeamCountry "DOM"]
[BlackTeamCountry "DOM"]

1. Nf3 c5 2. c4 g6 3. d4 cxd4 4. Nxd4 Bg7 5. e4 Nc6 6. Be3 Nf6 7. Nc3 d6 8. Be2 0-0 9. Qd2 a6 10. 0-0 Rb8 11. Rfd1 Qa5 12. Rac1 Ng4 13. Nb3 Qb4 14. Bg5 Re8 15. Bxg4 Bxg4 16. f3 Be6 17. Nd5 Qxd2 18. Rxd2 Rbc8 19. Nb6 Rc7 20. Be3 h5 21. Kf2 Kh7 22. c5 dxc5 23. Rxc5 Bxb3 24. axb3 e6 25. Bf4 Bh6 26. Bxc7 Bxd2 27. f4 Bb4 28. Rc4 Re7 29. Rxb4 Nxb4 30. Bd6 Nc6 31. Bxe7 Nxe7 32. Na4 b5 33. Nc5 a5 34. Nb7 Nc6 35. Ke3 Kg7 36. Nd6 b4 37. Kd3 e5 38. fxe5 Nxe5+ 39. Kd4 Kf6 40. Nb7 Nc6+ 41. Kc5 Ne5 42. Nxa5 Nd3+ 43. Kd4 Ne1 44. Nc6 Nxg2 45. Nxb4 g5 46. Nd3 Nh4 47. e5+ Ke6 48. Ke4 f5+ 49. exf6 Kxf6 50. b4 Nf5 51. Ne1 g4 52. Kf4 Ne7 53. b5 Nd5+ 54. Ke4 Ke6 55. Ng2 Kd6 56. Nf4 h4 57. Ng2 h3 58. Nh4 Ke6 59. Nf5 Nf6+ 60. Kf4 Kd5 61. Kg5 Ne4+ 62. Kxg4 Nd2 63. b6 Ke6 1-0

[Event "DOM-chT"]
[Site "Santiago de los Caballeros"]
[Date "2017.08.18"]
[Round "2.2"]
[White "Sosa Moran, Bryan Marc"]
[Black "Sanchez, Eduardo Manuel"]
[Result "1-0"]
[WhiteElo "1931"]
[BlackElo "1709"]
[PlyCount "31"]
[EventDate "2017.08.17"]
[EventType "team-swiss"]
[EventRounds "6"]
[EventCountry "DOM"]
[SourceTitle "EXT 2019"]
[Source "ChessBase"]
[SourceDate "2018.10.10"]
[SourceVersion "1"]
[SourceVersionDate "2018.10.10"]
[SourceQuality "1"]
[WhiteTeam "Puerto Plata"]
[BlackTeam "Maria Trinidad Sanchez"]
[WhiteTeamCountry "DOM"]
[BlackTeamCountry "DOM"]

1. e4 e5 2. Nf3 d6 3. d4 exd4 4. Bc4 Be6 5. Bxe6 fxe6 6. Nxd4 e5 7. Ne6 Qe7 8. Ng5 Nf6 9. Nc3 h6 10. Nd5 Nxd5 11. Qh5+ g6 12. Qxg6+ Kd7 13. exd5 Kc8 14. Nf7 Bg7 15. Nxh8 Bxh8 16. Bxh6 1-0